[Event "Unterfranken-ch H1 46th"]
[Site "Karlburg"]
[Date "1995.??.??"]
[Round "?"]
[White "Dietrich, Walter"]
[Black "Kroker, Uwe"]
[Result "0-1"]
[WhiteElo "1570"]
[BlackElo "1281"]
[PlyCount "137"]
[EventDate "1995.04.17"]
[EventType "swiss"]
[EventRounds "9"]
[EventCountry "GER"]
[SourceTitle "EXT 2015"]
[Source "ChessBase"]
[SourceDate "2014.11.20"]
[SourceVersion "1"]
[SourceVersionDate "2014.11.20"]
[SourceQuality "1"]

1. f4 d5 2. d4 Bf5 3. Nc3 e6 4. Nf3 Nc6 5. a3 Nf6 6. g3 Ne4 7. Bg2 Nxc3 8. bxc3 h6 9. 0-0 Bd6 10. Ne5 Qe7 11. Rb1 Na5 12. Rb5 b6 13. c4 a6 14. Rxa5 bxa5 15. Nc6 Qd7 16. cxd5 0-0 17. c4 exd5 18. Bxd5 Rae8 19. Nxa5 c5 20. Bc6 Qc7 21. Qe1 Bd7 22. d5 Bxc6 23. Nxc6 Re4 24. Bd2 Rfe8 25. e3 Rxc4 26. Ba5 Qb7 27. Qf2 Rce4 28. Bd2 Qb3 29. Qe2 Qxd5 30. Ne5 Bxe5 31. fxe5 R8xe5 32. Rd1 Qc4 33. Qe1 Qb3 34. Rb1 Qxa3 35. Ra1 Qd3 36. Kf2 Rf5+ 37. Kg2 Kh7 38. Rd1 Qb3 39. h3 h5 40. Bc3 Qa2+ 41. Rd2 Qe6 42. Re2 Qd5 43. Kh2 Rf3 44. Qb1 f5 45. Qh1 Rexe3 46. Rd2 Qxd2+ 47. Bxd2 Re2+ 48. Kg1 Ref2 49. Qxf3 Rxf3 50. Kg2 Rb3 51. Bc1 c4 52. Kf2 c3 53. Ke2 a5 54. Kd3 a4 55. Kc2 g5 56. Be3 Kg6 57. Bd4 f4 58. g4 hxg4 59. hxg4 Kf7 60. Bf2 Ke6 61. Bd4 Kd5 62. Bf6 Ke4 63. Bxg5 f3 64. Bh4 Ke3 65. Bg5+ Ke2 66. Bh4 Rb4 67. Bf6 f2 68. Bxc3 Rb3 69. g5 0-1

[Event "Unterfranken-ch H1 46th"]
[Site "Karlburg"]
[Date "1995.??.??"]
[Round "?"]
[White "Engelbrecht, Klaus"]
[Black "Kroker, Uwe"]
[Result "1-0"]
[WhiteElo "1333"]
[BlackElo "1281"]
[PlyCount "105"]
[EventDate "1995.04.17"]
[EventType "swiss"]
[EventRounds "9"]
[EventCountry "GER"]
[SourceTitle "EXT 2015"]
[Source "ChessBase"]
[SourceDate "2014.11.20"]
[SourceVersion "1"]
[SourceVersionDate "2014.11.20"]
[SourceQuality "1"]

1. e4 e5 2. Nf3 Nc6 3. c3 Nf6 4. d3 Be7 5. h3 b6 6. Be3 d6 7. Nbd2 h6 8. Be2 Be6 9. d4 exd4 10. cxd4 Bd7 11. 0-0 d5 12. e5 Ne4 13. Nxe4 dxe4 14. Ne1 0-0 15. f3 exf3 16. Bxf3 Bg5 17. Bxg5 Qxg5 18. Rc1 Qg6 19. Qc2 Qxc2 20. Rxc2 Nxd4 21. Rxc7 Nxf3+ 22. Rxf3 Be6 23. a3 Rfc8 24. Rfc3 Rxc7 25. Rxc7 a6 26. Nf3 Rc8 27. Rxc8+ Bxc8 28. Kf2 Bb7 29. Nd4 Bd5 30. g3 g6 31. Ke3 Kf8 32. h4 Ke7 33. Kf4 f6 34. g4 Kf7 35. exf6 Kxf6 36. g5+ hxg5+ 37. hxg5+ Ke7 38. Ke5 Bg2 39. Ne2 Bc6 40. Nf4 Kf7 41. Kd6 Bb5 42. Nd5 a5 43. Nxb6 a4 44. Kc5 Be8 45. Kb4 Ke6 46. Nxa4 Kf5 47. Nc3 Kxg5 48. Kc5 Kf5 49. b4 g5 50. b5 Bh5 51. b6 Bf3 52. Nd5 Ke5 53. b7 1-0

[Event "Unterfranken-ch H1 46th"]
[Site "Karlburg"]
[Date "1995.??.??"]
[Round "?"]
[White "Steiner, Herbert"]
[Black "Kroker, Uwe"]
[Result "1-0"]
[WhiteElo "1464"]
[BlackElo "1281"]
[PlyCount "66"]
[EventDate "1995.04.17"]
[EventType "swiss"]
[EventRounds "9"]
[EventCountry "GER"]
[SourceTitle "EXT 2015"]
[Source "ChessBase"]
[SourceDate "2014.11.20"]
[SourceVersion "1"]
[SourceVersionDate "2014.11.20"]
[SourceQuality "1"]

1. d4 d5 2. c4 Nf6 3. Nc3 e6 4. Bg5 Be7 5. e3 0-0 6. Nf3 b6 7. cxd5 exd5 8. Bxf6 Bxf6 9. Rc1 a6 10. Qc2 Bb7 11. Bd3 g6 12. b4 b5 13. a3 Re8 14. h4 Kg7 15. h5 Rh8 16. hxg6 hxg6 17. Kd2 c6 18. Ne2 g5 19. Ng3 Bc8 20. Nf5+ Bxf5 21. Bxf5 Nd7 22. Rh7+ Rxh7 23. Bxh7 Nf8 24. Rh1 Ng6 25. Bxg6 fxg6 26. Qxc6 Ra7 27. Qe6 Qd7 28. Qxd7+ Rxd7 29. Rc1 g4 30. Nh2 g3 31. fxg3 Rf7 32. Rc6 Bg5 33. Ng4 Rf6 1-0